LEADER 00590nam a2200169 i 4500 001 000000216264 003 CaOOAMICUS 005 20121010000000.0 008 121010n it u000 u ita u 013 $a195145 040 $aSeMil$bita 245 10$a5. 300 $a605 p., [39] c. di tav. anche ripieg. :$bill., tav. geneal., c. geogr. 773 0 $aBelotti, Bortolo$tStoria di Bergamo e dei bergamaschi.$dBergamo : Bolis, 1959.$w()27511 850 $aSeMil 852 $aSeMil$W1$xVenegono$y1$m3P VI 20$j166683$B166683$CSeMilBibl$Z2$F177545 $81 996 $6245$a5$9(OLS)http://semarc/title/57540 LEADER 00932nam a2200205 i 4500 001 000000222771 003 CaOOAMICUS 005 20130925000000.0 008 130925n it u000 u ita u 013 $a201668 040 $aSeMil$bita 100 1 $aZerbi, Pietro,$c.$0(OLS)http://semarc/name/10165 245 13$aLa "Significasti" di Pasquale 2. è diretta ad un arcivescovo di Spalato? :$briflessioni e ipotesi /$cPiero Zerbi. 260 $a[S.l. :$bs.n.],$c[19-?] 300 $aP. 115-153 ;$c22 cm. 600 04$aPasquale II .$0(OLS)http://semarc/subject/40824 850 $aSeMil 852 $aSeMil$W1$xVenegono$y1$m5D VII 20/23$j173117$B173117$CSeMilBibl$Z2$F183427 $81 996 $6245$aLa "Significasti" di Pasquale 2. è diretta ad un arcivescovo di Spalato? :$briflessioni e ipotesi$9(OLS)http://semarc/title/319414 996 $6260$a[S.l. :$bs.n.]$9(OLS)http://semarc/publisher/29751